| 000 -LEADER |
| fixed length control field |
02090nam a22001577a 4500 |
| 008 - FIXED-LENGTH DATA ELEMENTS--GENERAL INFORMATION |
| fixed length control field |
201130b ||||| |||| 00| 0 eng d |
| 100 ## - MAIN ENTRY--PERSONAL NAME |
| Personal name |
Curley, David L. |
| 245 ## - TITLE STATEMENT |
| Title |
Styles of mastery of a Calcutta Brahman family: Krishnachandra Ghoshal’s pilgrimage to Gaya, Kashi and Prayag, 1769, in Vijayram Sen’s Ti-rthaman.gala |
| 260 ## - PUBLICATION, DISTRIBUTION, ETC. (IMPRINT) |
| Place of publication, distribution, etc |
The Indian Economic and Social History Review |
| 300 ## - PHYSICAL DESCRIPTION |
| Extent |
57(1), Jan-Mar, 2020: p.77-123 |
| 520 ## - SUMMARY, ETC. |
| Summary, etc |
This article examines styles of mastery practised by a wealthy, managerial Brahman family in late eighteenth-century Bengal, when managerial Brahmans found new opportunities in association with the English East India Company. It is based on Tīrthamaṅgala by Vijayram Sen, a verse narrative of a pilgrimage in 1769, led by Krishnachandra Ghoshal for the purpose of performing the trayasthalī śrāddha in Gaya, Kashi and Prayag. Krishnachandra was the elder brother of Gokulchandra Ghoshal, who then was the chief banian of Governor Harry Verelst. The poem describes agencies that enabled the Ghoshals’ success and purposes that shaped their identity. It represents the family’s practices of accountancy, patronage and charity. It represents Krishnachandra’s self-control and control of others, his austerity and munificence in shraddha rites (obsequies), and his use of both Indo-Persian and Sanskrit codes of conduct in gift exchanges and formal conversations. In quite different settings, he used ‘pleasing conversations’ or discussions of knowledge in Sanskrit texts. Both kinds of formal conversation revealed the ‘character’ or ‘dignity’ of participants, and introduced them to important men whom they did not already know. Portraying agencies and purposes that were both this-worldly and spiritual, the poem does not categorically distinguish them. It does de-emphasise courtly aesthetics. -Reproduced |
| 650 ## - SUBJECT ADDED ENTRY--TOPICAL TERM |
| Topical term or geographic name as entry element |
Managerial, Brahman, Bengal, Mastery, Pilgrimage, Eighteenth century |
| 9 (RLIN) |
19565 |
| 773 ## - HOST ITEM ENTRY |
| Main entry heading |
The Indian Economic and Social History Review |
| 906 ## - LOCAL DATA ELEMENT F, LDF (RLIN) |
| Subject DIP |
CASTES - WEST BENGAL |
| 942 ## - ADDED ENTRY ELEMENTS (KOHA) |
| Item type |
Articles |